Oravský hutník

Bibliographic Details
Format: Journal
Language:Slovak
PhysicalDescription:46 zv. 31-42 cm
Published: Istebné Kovohuty 1954-1999
Istebné Oravské ferozliatinárske závody
Istebné ZO KSS, ZS ROH, ZS ČSM a vedenie podniku
Istebné CZV KSS, ZV ROH a vedenie podniku
Istebné CZV KSS a Oravské ferozliatinárske závody
Subjects:

MARC

LEADER 00000cas a2200000 a 4500
001 vtls009174774
003 SK-MaSNL
005 20260228160622.0
008 150511d19541999xo wx|p 0 0 b0slo c
035 |a (SVKBB)vtls000144580 
040 |a SVKBB  |b slo  |c SVKBB  |d SNK  |e AACR2 
041 0 |a slo 
043 |a e-xo--- 
044 |a xo  |c SK 
072 7 |a 669  |x Metalurgia  |2 konspekt 
080 |a 050  |2 2001 
080 |a 669.15-198  |2 2001 
080 |a 669  |2 2001 
245 0 0 |a Oravský hutník 
260 |a Istebné  |b Kovohuty  |c 1954-1999 
260 3 |3 26/1989-1999  |a Istebné  |b Oravské ferozliatinárske závody 
260 2 |3 2/1956-1/1966  |a Istebné  |b ZO KSS, ZS ROH, ZS ČSM a vedenie podniku 
260 2 |3 2/1966-1/1977  |a Istebné  |b CZV KSS, ZV ROH a vedenie podniku 
260 2 |3 2/1977-25/1989  |a Istebné  |b CZV KSS a Oravské ferozliatinárske závody 
300 |a 46 zv.  |c 31-42 cm 
310 |a 1x mesačne  |b 1995- 
321 |a 2x mesačne  |b 1953-5/1993 
321 |a 1x týždenne  |b 6/1993-1994 
362 0 |a Roč. I, č. 1 (1953)-roč. 47, č. 8 (1999) 
500 |a Podnázov sa meni 
500 |a Redaktori sa menia 
500 |a Od č. 2/1956 rozmer zv. 42 cm 
650 0 7 |a hutnícky priemysel  |2 SNKPH  |9 261045 
650 0 7 |a zliatiny železa  |2 SNKPH  |9 73265 
651 7 |a Istebné (Slovensko)  |2 SNKPH  |9 91283 
655 7 |a podnikové periodiká  |2 SNKPH  |9 132333 
910 |a snk 
916 |a 1954-1993 
958 |a OND 
999 |c 3095  |d 5025 
952 |0 0  |1 0  |4 0  |7 0  |a SNK  |b SNK  |d 2015-07-15  |i snkČSP 3408/99  |l 0  |o snkČSB 839/46/1998 D1  |p 17A1079528  |r 2026-02-21 19:35:42  |t č. 1-11, úplný  |w 2026-02-21  |y PREZ  |z č. 1-11 
952 |0 0  |1 0  |4 0  |7 0  |a SNK  |b SNK  |d 2015-07-15  |i snkČSP 3404/99  |l 0  |o snkČSB 839/42/1994 D1  |p 17A1079527  |r 2026-02-21 19:35:42  |t č. 1-16, úplný  |w 2026-02-21  |y PREZ  |z č. 1-16 
952 |0 0  |1 0  |4 0  |7 0  |a SNK  |b SNK  |d 2015-07-15  |i snkČSP 3405/99  |l 0  |o snkČSB 839/43/1995 D1  |p 17A1079526  |r 2026-02-21 19:35:42  |t č. 1-11, úplný  |w 2026-02-21  |y PREZ  |z č. 1-11 
952 |0 0  |1 0  |4 0  |7 0  |a SNK  |b SNK  |d 2015-07-15  |i snkČSP 3412/99  |l 0  |o snkČSB 839/44/1996 D1  |p 17A1079525  |r 2026-02-21 19:35:42  |t č. 1-12, úplný  |w 2026-02-21  |y PREZ  |z č. 1-12 
952 |0 0  |1 0  |4 0  |7 0  |a SNK  |b SNK  |d 2015-07-15  |i snkČSP 3410/99  |l 0  |o snkČSB 839/45/1997 D1  |p 17A1079524  |r 2026-02-21 19:35:42  |t č. 1-10, úplný  |w 2026-02-21  |y PREZ  |z č. 1-10 
952 |0 0  |1 0  |4 0  |7 0  |a SNK  |b SNK  |d 2015-07-15  |i snkČSP 3403/99  |l 0  |o snkČSB 839/42/1994   |p 17A0999301  |r 2026-02-21 19:35:42  |t 1-16, úplný  |w 2026-02-21  |y PREZ  |z č. 1-16 
952 |0 0  |1 0  |4 0  |7 0  |a SNK  |b SNK  |d 2015-07-15  |i snkČSP 3406/99  |l 0  |o snkČSB 839/43/1995   |p 17A0999279  |r 2026-02-21 19:35:42  |t č. 1-11, úplný  |w 2026-02-21  |y PREZ  |z č. 1-11 
952 |0 0  |1 0  |4 0  |7 0  |a SNK  |b SNK  |d 2015-07-15  |i snkČSP 3411/99  |l 0  |o snkČSB 839/44/1996   |p 17A0999283  |r 2026-02-21 19:35:42  |t č. 1-12, úplný  |w 2026-02-21  |y PREZ  |z č. 1-12 
952 |0 0  |1 0  |4 0  |7 0  |a SNK  |b SNK  |d 2015-07-15  |i snkČSP 3409/99  |l 0  |o snkČSB 839/45/1997  |p 17A0999282  |r 2026-02-21 19:35:42  |t č. 1-10. úplný  |w 2026-02-21  |y PREZ  |z č. 1-10 
952 |0 0  |1 0  |4 0  |7 0  |a SNK  |b SNK  |d 2015-07-15  |i snkČSP 3407/99  |l 0  |o snkČSB 839/46/1998   |p 17A0999280  |r 2026-02-21 19:35:42  |t č. 1-12, úplný  |w 2026-02-21  |y PREZ  |z č. 1-12 
952 |0 0  |1 0  |4 0  |7 0  |a SNK  |b SNK  |d 1998-07-08  |l 0  |o snkČSB 839/39/1991 D1  |p 17A0148042  |r 2005-01-02 00:00:00  |w 2026-02-21  |y PREZ 
952 |0 0  |1 0  |4 0  |7 0  |a SNK  |b SNK  |d 2015-05-11  |f 1  |i snkČSP 898/89  |l 0  |o snkČSB 839/36/1988  |p 17A1143958  |r 2026-02-21 21:26:04  |t č. 1-26  |w 2026-02-21  |y PREZ 
952 |0 0  |1 0  |4 0  |7 0  |a SNK  |b SNK  |d 2015-05-11  |i snkČSP 897/89  |l 0  |o snkČSB 839/36/1988 D1  |p 17A0857207  |r 2026-02-21 21:26:04  |t č. 1-26, neúpl.  |w 2026-02-21  |y PREZ  |z sú iba č. 23-26 
952 |0 0  |1 0  |4 0  |7 0  |a SNK  |b SNK  |d 2015-05-04  |f 1  |i snkČSP 448/63  |l 0  |o snkČSB 839/10/1962  |p 17A1143962  |r 2026-02-21 21:26:20  |t č. 1-26, + mim. č.  |w 2026-02-21  |y PREZ  |z Mim. č. - Oravský hutník 10 rokov - je voľne vložené s osobitným prírast. č. snkF 926/88 
952 |0 0  |1 0  |4 0  |7 0  |8 5  |a SNK  |b SNK  |d 2015-05-04  |f 1  |i snkF 926/88  |l 0  |o snkČSB 839/10/1962/príl.  |p 17A1143925  |r 2026-02-21 21:26:20  |t Mim. č.  |w 2026-02-21  |y PREZ  |z Mim. č. - Oravský hutník 10 rokov - je voľne vložený do časopisu Oravský hutník, sign. ČSB 839/10/1962 
952 |0 0  |1 0  |4 0  |7 0  |a SNK  |b SNK  |d 2015-05-04  |i snkČSP 724/67  |l 0  |o snkČSB 839/14/1966 D1  |p 17A1143924  |r 2026-02-21 21:26:20  |t č. 1-26, + mim. č.  |w 2026-02-21  |y PREZ 
952 |0 0  |1 0  |4 0  |7 0  |a SNK  |b SNK  |d 2015-05-04  |i snkČSP doplniť  |l 0  |o snkČSB 839/20/1972 D1  |p 17A1143923  |r 2026-02-21 21:26:20  |t č. 1-26  |w 2026-02-21  |y PREZ 
952 |0 0  |1 0  |4 0  |7 0  |a SNK  |b SNK  |d 2015-04-30  |f 1  |i snkČSP 723/67  |l 0  |o snkČSB 839/14/1966  |p 17A0706430  |r 2026-02-21 21:26:38  |t č. 1-26, + mim. č.  |w 2026-02-21  |y PREZ 
952 |0 0  |1 0  |4 0  |7 0  |a SNK  |b SNK  |d 2015-04-30  |f 1  |i snkČSP 526/68  |l 0  |o snkČSB 839/15/1967  |p 17A0706358  |r 2026-02-21 21:26:38  |t č. 1-7  |w 2026-02-21  |y PREZ 
952 |0 0  |1 0  |4 0  |7 0  |a SNK  |b SNK  |d 2015-04-30  |f 1  |i snkČSP 300/66  |l 0  |o snkČSB 839/13/1965  |p 17A0706407  |r 2026-02-21 21:26:38  |t č. 1-26  |w 2026-02-21  |y PREZ 
952 |0 0  |1 0  |4 0  |7 0  |a SNK  |b SNK  |d 2015-04-30  |f 1  |i snkČSP 350/69  |l 0  |o snkČSB 839/16/1968  |p 17A0706353  |r 2026-02-21 21:26:38  |t č. 1-14  |w 2026-02-21  |y PREZ 
952 |0 0  |1 0  |4 0  |7 0  |a SNK  |b SNK  |d 2015-04-30  |f 1  |i snkČSP 137/70  |l 0  |o snkČSB 839/17/1969  |p 17A0706413  |r 2026-02-21 21:26:38  |t č. 1-20  |w 2026-02-21  |y PREZ 
952 |0 0  |1 0  |4 0  |7 0  |a SNK  |b SNK  |d 2015-04-30  |f 1  |i snkČSP 561/71  |l 0  |o snkČSB 839/18/1970  |p 17A0706355  |r 2026-02-21 21:26:38  |t č. 1-25  |w 2026-02-21  |y PREZ 
952 |0 0  |1 0  |4 0  |7 0  |a SNK  |b SNK  |d 2015-04-30  |f 1  |i snkČSP 365/72  |l 0  |o snkČSB 839/19/1971  |p 17A0706402  |r 2026-02-21 21:26:39  |t č. 1-26  |w 2026-02-21  |y PREZ 
952 |0 0  |1 0  |4 0  |7 0  |a SNK  |b SNK  |d 2015-04-30  |f 1  |i snkČSP 675/75  |l 0  |o snkČSB 839/20/1972  |p 17A0706357  |r 2026-02-21 21:26:42  |t č. 1-26  |w 2026-02-21  |y PREZ 
952 |0 0  |1 0  |4 0  |7 0  |a SNK  |b SNK  |d 2015-04-30  |f 1  |i snkČSP 863/74  |l 0  |o snkČSB 839/21/1973  |p 17A0706352  |r 2026-02-21 21:26:42  |t č. 1-27  |w 2026-02-21  |y PREZ 
952 |0 0  |1 0  |4 0  |7 0  |a SNK  |b SNK  |d 2015-04-30  |f 1  |i snkČSP 371/75  |l 0  |o snkČSB 839/22/1974  |p 17A0706346  |r 2026-02-21 21:26:42  |t č. 1-27  |w 2026-02-21  |y PREZ 
952 |0 0  |1 0  |4 0  |7 0  |a SNK  |b SNK  |d 2015-04-30  |f 1  |i snkČSP 960/76  |l 0  |o snkČSB 839/23/1975  |p 17A0706344  |r 2026-02-21 21:26:42  |t č. 1-26  |w 2026-02-21  |y PREZ 
952 |0 0  |1 0  |4 0  |7 0  |a SNK  |b SNK  |d 2015-04-30  |f 1  |i snkČSP 996/77  |l 0  |o snkČSB 839/24/1976  |p 17A0706342  |r 2026-02-21 21:26:42  |t č. 1-26  |w 2026-02-21  |y PREZ 
952 |0 0  |1 0  |4 0  |7 0  |a SNK  |b SNK  |d 2015-04-30  |f 1  |i snkČSP 1076/77  |l 0  |o snkČSB 839/25/1977  |p 17A0706345  |r 2026-02-21 21:26:42  |t č. 1-26  |w 2026-02-21  |y PREZ 
952 |0 0  |1 0  |4 0  |7 0  |a SNK  |b SNK  |d 2015-04-30  |f 1  |i snkČSP 494/78  |l 0  |o snkČSB 839/26/1978  |p 17A0706376  |r 2026-02-21 21:26:42  |t č. 1-26  |w 2026-02-21  |y PREZ 
952 |0 0  |1 0  |4 0  |7 0  |a SNK  |b SNK  |d 2015-04-30  |f 1  |i snkČSP 1277/80  |l 0  |o snkČSB 839/27/1979  |p 17A0706374  |r 2026-02-21 21:26:42  |t č. 1-26  |w 2026-02-21  |y PREZ 
952 |0 0  |1 0  |4 0  |7 0  |a SNK  |b SNK  |d 2015-04-30  |f 1  |i snkČSP 663/81  |l 0  |o snkČSB 839/28/1980  |p 17A0706375  |r 2026-02-21 21:26:42  |t č. 1-26  |w 2026-02-21  |y PREZ 
952 |0 0  |1 0  |4 0  |7 0  |a SNK  |b SNK  |d 2015-04-30  |f 1  |i snkČSP 398/82  |l 0  |o snkČSB 839/29/1981  |p 17A0857214  |r 2026-02-21 21:26:42  |t č. 1-26  |w 2026-02-21  |y PREZ 
952 |0 0  |1 0  |4 0  |7 0  |a SNK  |b SNK  |d 2015-04-30  |f 1  |i snkČSP 737/83  |l 0  |o snkČSB 839/30/1982  |p 17A0857215  |r 2026-02-21 21:26:42  |t č. 1-26  |w 2026-02-21  |y PREZ 
952 |0 0  |1 0  |4 0  |7 0  |a SNK  |b SNK  |d 2015-04-30  |f 1  |i snkČSP 58/84  |l 0  |o snkČSB 839/31/1983  |p 17A0857219  |r 2026-02-21 21:26:42  |t č. 1-26  |w 2026-02-21  |y PREZ 
952 |0 0  |1 0  |4 0  |7 0  |a SNK  |b SNK  |d 2015-04-30  |f 1  |i snkČSP 315/85  |l 0  |o snkČSB 839/32/1984  |p 17A0857223  |r 2026-02-21 21:26:42  |t č. 1-26  |w 2026-02-21  |y PREZ 
952 |0 0  |1 0  |4 0  |7 0  |a SNK  |b SNK  |d 2015-04-30  |f 1  |i snkČSP 3485/87  |l 0  |o snkČSB 839/34/1986  |p 17A0857218  |r 2026-02-21 21:26:42  |t č. 1-26  |w 2026-02-21  |y PREZ 
952 |0 0  |1 0  |4 0  |7 0  |a SNK  |b SNK  |d 2015-04-30  |f 1  |i snkČSP 1793/88  |l 0  |o snkČSB 839/35/1987  |p 17A0857211  |r 2026-02-21 21:26:42  |t č. 1-26  |w 2026-02-21  |y PREZ 
952 |0 0  |1 0  |4 0  |7 0  |a SNK  |b SNK  |d 2015-04-30  |f 1  |i snkČSP 2785/90  |l 0  |o snkČSB 839/37/1989  |p 17A0857208  |r 2026-02-21 21:26:43  |t č. 1-26  |w 2026-02-21  |y PREZ 
952 |0 0  |1 0  |4 0  |7 0  |a SNK  |b SNK  |d 2015-04-30  |f 1  |i snkČSP 2309/91  |l 0  |o snkČSB 839/38/1990  |p 17A0857210  |r 2026-02-21 21:26:43  |t č. 1-26  |w 2026-02-21  |y PREZ 
952 |0 0  |1 0  |4 0  |7 0  |a SNK  |b SNK  |d 2015-04-30  |f 1  |i snkČSP 2555/93  |l 0  |o snkČSB 839/39/1991  |p 17A0999338  |r 2026-02-21 21:26:43  |t č. 1-25  |w 2026-02-21  |y PREZ 
952 |0 0  |1 0  |4 0  |7 0  |a SNK  |b SNK  |d 2015-04-30  |f 1  |i snkČSP 3260/93  |l 0  |o snkČSB 839/40/1992  |p 17A0999292  |r 2026-02-21 21:33:38  |t č. 1-24  |w 2026-02-21  |y PREZ 
952 |0 0  |1 0  |4 0  |7 0  |a SNK  |b SNK  |d 2015-04-30  |f 1  |i snkČSP 3593/94  |l 0  |o snkČSB 839/41/1993  |p 17A0999290  |r 2026-02-21 21:33:38  |t č. 1-32  |w 2026-02-21  |y PREZ 
952 |0 0  |1 0  |4 0  |7 0  |a SNK  |b SNK  |d 2015-04-29  |f 1  |i snkII. 1730/55  |l 0  |o snkČSB 839/2/1954  |p 17A0706438  |r 2026-02-21 21:33:48  |t č. 1-4  |w 2026-02-21  |y PREZ 
952 |0 0  |1 0  |4 0  |7 0  |a SNK  |b SNK  |d 2015-04-29  |f 1  |i snkČSP 235/56  |l 0  |o snkČSB 839/3/1955  |p 17A0706439  |r 2026-02-21 21:33:48  |t č. 1-24  |w 2026-02-21  |y PREZ 
952 |0 0  |1 0  |4 0  |7 0  |a SNK  |b SNK  |d 2015-04-29  |f 1  |i snkČSP 1023/58  |l 0  |o snkČSB 839/4/1956  |p 17A0706437  |r 2026-02-21 21:33:48  |t č. 1-22, neúpl.  |w 2026-02-21  |y PREZ  |z chýba č. 13 
952 |0 0  |1 0  |4 0  |7 0  |a SNK  |b SNK  |d 2015-04-29  |f 1  |i snkČSP 437/58  |l 0  |o snkČSB 839/5/1957  |p 17A0706436  |r 2026-02-21 21:33:48  |t č. 1-24  |w 2026-02-21  |y PREZ 
952 |0 0  |1 0  |4 0  |7 0  |a SNK  |b SNK  |d 2015-04-29  |f 1  |i snkČSP 453/60  |l 0  |o snkČSB 839/6/1958  |p 17A0706435  |r 2026-02-21 21:33:48  |t č. 1-24, neúpl.  |w 2026-02-21  |y PREZ  |z chýba č. 19 
952 |0 0  |1 0  |4 0  |7 0  |a SNK  |b SNK  |d 2015-04-29  |f 1  |i snkČSP 964/60  |l 0  |o snkČSB 839/7/1959  |p 17A0706434  |r 2026-02-21 21:33:48  |t č. 1-25  |w 2026-02-21  |y PREZ 
952 |0 0  |1 0  |4 0  |7 0  |a SNK  |b SNK  |d 2015-04-29  |f 1  |i snkČSP 6466/61  |l 0  |o snkČSB 839/8/1960  |p 17A0706433  |r 2026-02-21 21:33:49  |t č. 1-28, neúpl  |w 2026-02-21  |y PREZ  |z Sú iba č. 1-7 
952 |0 0  |1 0  |4 0  |7 0  |a SNK  |b SNK  |d 2015-04-29  |f 1  |i snkČSP 248/63  |l 0  |o snkČSB 839/9/1961  |p 17A0706420  |r 2026-02-21 21:33:49  |t č. 1-26  |w 2026-02-21  |y PREZ 
952 |0 0  |1 0  |4 0  |7 0  |a SNK  |b SNK  |d 2015-04-29  |i snkČSP 449/63  |l 0  |o snkČSB 839/10/1962 D1  |p 17A0706424  |r 2026-02-21 21:33:49  |t č. 1-26, + mim. č.  |w 2026-02-21  |y PREZ  |z Mim. č. - Oravský hutník 10 rokov 
952 |0 0  |1 0  |4 0  |7 0  |a SNK  |b SNK  |d 2015-04-29  |f 1  |i snkČSP 584/64  |l 0  |o snkČSB 839/11/1963  |p 17A0706422  |r 2026-02-21 21:33:49  |t č. 1-26  |w 2026-02-21  |y PREZ 
952 |0 0  |1 0  |4 0  |7 0  |a SNK  |b SNK  |d 2015-04-29  |f 1  |i snkČSP 684/65  |l 0  |o snkČSB 839/12/1964  |p 17A0706421  |r 2026-02-21 21:33:49  |t č. 1-26  |w 2026-02-21  |y PREZ 
952 |0 0  |1 0  |4 0  |7 0  |a SNK  |b SNK  |d 2015-04-30  |f 1  |i snkČSP 827/86  |l 0  |o snkČSB 839/33/1985  |p 17A0857222  |r 2026-02-21 21:41:25  |t č. 1-26  |w 2026-02-21  |y PREZ